Statistiques concernant Tottenham Hotspur - Tous les joueurs de 2010 à 2023

Cliquez ici pour prendre le quiz!

Statistiques générales

  • Ce quiz a été pris 199 fois
    (126 depuis la dernière actualisation)
  • Le résultat moyen est 45 sur 147

Statistiques - réponses

SaisonsNationalitéJoueurNombre
De Matchs
Poste% Correct
2012 -FranceHugo
Lloris
447G
100%
2011 - 2012
2013 -
AngleterreHarry
Kane
435A
98%
2015 -Corée
Du Sud
Heung - Min
Son
372A
98%
2012 - 2020BelgiqueJan
Vertonghen
315D
91%
2013 - 2020DanemarkChristian
Eriksen
305M
89%
2010 - 2013
2020 - 2021
Pays
De Galles
Gareth
Bale
161A
89%
2014 -Pays De
Galles
Ben
Davies
311D
85%
2012 - 2019BelgiqueMousa
Dembélé
249M
85%
2015 - 2021BelgiqueToby
Alderweireld
236D
85%
2017 - 2023BrésilLucas
Moura
221A
84%
2011 - 2017AngleterreKyle
Walker
227D
83%
2010 - 2012CroatieLuka
Modric
84M
83%
2016 - 2021FranceMoussa
Sissoko
202M
83%
2015 - 2022AngleterreDele
Alli
269M
82%
2017 -ColombieDavinson
Sánchez
205D
80%
2014 -AngleterreEric
Dier
361D
80%
2013 - 2021ArgentineErik
Lamela
257A
76%
2019 - 2022ArgentineGiovani
Lo Celso
84M
75%
2020 -DanemarkPierre - Emile
Hojbjerg
145M
73%
2022 -BrésilRicharlison35A
72%
2017 - 2021Cote
D'ivoire
Serge
Aurier
110D
72%
2011 - 2015TogoEmmanuel
Adebayor
113A
71%
2016 - 2020KenyaVictor
Wanyama
97M
70%
2021 -SuèdeDejan
Kulusevski
57A
69%
2019 - 2022FranceTanguy
Ndombélé
91M
69%
2021 -ArgentineCristian
Romero
64D
68%
2010 - 2012
2013 - 2020
AngleterreDanny
Rose
209D
67%
2014 - 2022AngleterreHarry
Winks
203M
61%
2021 -UruguayRodrigo
Bentancur
44M
61%
2015 - 2019AngleterreKieran
Trippier
114D
57%
2019 - 2022Pays - BasSteven
Bergwijn
83A
52%
2021 -BrésilEmerson
Royal
77D
48%
2012 - 2014IslandeGylfi
Sigurdsson
83M
47%
2020 - 2022EspagneSergio
Reguilón
67D
46%
2017 - 2019EspagneFernando
Llorente
66A
45%
2010 - 2015FranceYounès
Kaboul
101D
44%
2014 - 2020Pays - BasMichel
Vorm
48G
42%
2018 - 2020
2021 -
AngleterreOliver
Skipp
82M
42%
2010 - 2013FranceWilliam
Gallas
78D
42%
2010 - 2013CamerounBenoit
Assou - Ekotto
107D
40%
2010 - 2014AngleterreJermain
Defoe
133A
39%
2019 - 2020
2021 -
AngleterreRyan
Sessegnon
56D/M
39%
2010 - 2015AngleterreAaron
Lennon
174A
37%
2021 -EspagneBryan
Gil
31A
37%
2020 - 2023IrlandeMatt
Doherty
71D
35%
2013 - 2016AlgérieNabil
Bentaleb
66M
35%
2013 - 2015BrésilPaulinho67M
35%
2012 - 2013États - UnisClint
Dempsey
43A
34%
2013 - 2016BelgiqueNacer
Chadli
119A
34%
2010 - 2011AngleterrePeter
Crouch
45A
34%
2010 - 2012Pays - BasRafael
Van Der Vaart
77M
34%
2013 - 2015EspagneRoberto
Soldado
76A
34%
2016 - 2019CamerounGeorges - Kevin
N'koudou
27A
32%
2017 - 2021ArgentinePaulo
Gazzaniga
37G
32%
2016 - 2017
2018 - 2019
Pays - BasVincent
Janssen
42A
32%
2022 -CroatieIvan
Perisic
44M
30%
2017 - 2020AngleterreKyle
Walker - Peters
24D
30%
2010 - 2011IrlandeRobbie
Keane
23A
30%
2010 - 2014BrésilHeurelho
Gomes
45G
29%
2020 -AngleterreNile
John
2M
29%
2022 -SénégalPape Matar
Sarr
14M
29%
2010 - 2014BrésilSandro106M
29%
2013 - 2015RoumanieVlad
Chiriches
43D
29%
2022 - 2023FranceClément
Lenglet
35D
28%
2011 -2015États - UnisBrad
Friedel
67G
27%
2015 - 2016CamerounClinton
N'Jie
14A
26%
2013 - 2015FranceÉtienne
Capoue
36M
26%
2019 -AngleterreJaphet
Tanganga
50D
25%
2022 -MaliYves
Bissouma
28M
25%
2014 - 2015FranceBenjamin
Stambouli
25M
24%
2010 - 2012CroatieVedran
Corluka
32D
24%
2021 - 2022ItaliePierluigi
Gollini
10G
23%
2011 - 2013AngleterreScott
Parker
63M
23%
2010 - 2012Afrique
Du Sud
Steven
Pienaar
18M
23%
2017 - 2020ArgentineJuan
Foyth
32D
22%
2010 - 2012MexiqueGiovani
Dos Santos
18A
20%
2012 - 2014AllemagneLewis
Holtby
42M
20%
2010 - 2012CroatieNiko
Kranjcar
39M
20%
2022 -EspagnePedro
Porro
17D
20%
2010 - 2013AngleterreTom
Huddlestone
53M
20%
2010 - 2012RussieRoman
Pavlyuchenko
53A
19%
2014 - 2016ArgentineFederico
Fazio
32D
18%
2020 -AngleterreHarvey
White
3M
18%
2020 - 2022Pays De
Galles
Joe
Rodon
24D
18%
2010 - 2014AngleterreMichael
Dawson
120D
18%
2020 - 2021BrésilCarlos
Vinícius
22A
17%
2015 - 2017AutricheKevin
Wimmer
31D
17%
2019 - 2021PortugalGedson
Fernandes
14M
16%
2020 - 2022AngleterreDane
Scarlett
10A
15%
2022 -AngleterreFraser
Forster
20G
15%
2019 - 2020IrlandeTroy
Parrott
4A
15%
2012 - 2013
2014 - 2016
AngleterreRyan
Mason
69M
14%
2011 - 2013AngleterreAdam
Smith
2D
13%
2020 - 2021AngleterreJoe
Hart
10G
13%
2010 - 2011HondurasWilson
Palacios
31M
13%
2011 - 2013AngleterreJake
Livermore
57M
12%
2011 - 2012FranceLouis
Saha
12A
12%
2010 - 2012CamerounSébastien
Bassong
33D
12%
2010 - 2011ÉcosseAlan
Hutton
26D
11%
2020 -AngleterreAlfie
Devine
2M
11%
2016 - 2017États - UnisCameron
Carter - Vickers
5D
11%
2012 - 2013Sierra
Leone
Steven
Caulker
29D
11%
2011 - 2013
2015 - 2017
AngleterreTom
Carroll
56M
11%
2012 - 2016AngleterreAndros
Townsend
93A
10%
2014 - 2015États - UnisDeAndre
Yedlin
1D
10%
2010 - 2013ItalieCarlo
Cudicini
25G
9%
2010 - 2012AngleterreLedley
King
32D
9%
2020 - 2021AngleterreAlfie
Whiteman
1G
8%
2020 - 2022AngleterreJack
Clarke
4A
8%
2010 - 2011
2012 - 2013
AngleterreJermaine
Jenas
29M
8%
2010 - 2011AngleterreJonathan
Woodgate
1D
8%
2017 - 2019AngleterreKazaiah
Sterling
2A
8%
2012 - 2015AngleterreKyle
Naughton
72D
8%
2016 - 2017AngleterreMarcus
Edwards
1A
8%
2014 - 2017AngleterreJosh
Onomah
32M
6%
2010 - 2011AngleterreDavid
Bentley
3M
5%
2021 -EstonieMaksim
Paskotsi
1D
5%
2019 - 2020AngleterreMalachi
Fagan - Walcott
1D
5%
2022 -Pays - BasArnaut
Danjuma
12A
4%
2011 - 2013EspagneIago
Falque
11A
4%
2013 - 2014
2015 - 2016
AngleterreAlex
Pritchard
2M
3%
2022 -AngleterreDjed
Spence
6D
3%
2018 - 2019AngleterreLuke
Amos
1M
3%
2017 - 2018ChypreAnthony
Georgiou
1A
2%
2016 - 2017SlovaquieFilip
Lesniak
1M
2%
2018 - 2019AngleterreGeorge
Marsh
1M
2%
2021 - 2022AngleterreJ'Neil
Bennett
1A
2%
2020 - 2021PortugalMarcel
Lavinier
1D
2%
2010 - 2011CroatieStipe
Pletikosa
1G
2%
2017 - 2018AngleterreTashan
Oakley - Boothe
1M
2%
2016 - 2017AngleterreAnton
Walkes
1D
1%
2011 - 2012États - UnisCameron
Lancaster
1A
1%
2011 - 2012AngleterreDean
Parrett
2M
1%
2021 - 2022AngleterreDilan
Markanday
1A
1%
2022 -AngleterreGeorge
Abbott
1M
1%
2011 - 2012AngleterreJake
Nicholson
1M
1%
2011 - 2012Trinité -
Tobago
John
Bostock
1M
1%
2012 - 2013AngleterreJonathan
Obika
2A
1%
2011 - 2012AustralieMassimo
Luongo
1M
1%
2022 -ÉcosseMatthew
Craig
1M
1%
2013 - 2014SerbieMilos
Veljkovic
3D
1%
2011 - 2014AngleterreRyan
Fredericks
4D
1%
2011 - 2012Nouvelle -
Zélande
Ryan
Nelsen
8D
1%
2013 - 2014AngleterreShaq
Coulthirst
1A
1%
2018 - 2019AngleterreTimothy
Eyoma
1D
1%
2012 - 2014AngleterreZeki
Fryers
16D
1%
2016 - 2017AngleterreShayon
Harrisom
1A
0%

Distribution des résultats

Percentile par nombre de réponses

% des personnes avec chaque résultat

Votre développement - résultats

Vous n’avez pas pris ce quiz depuis la dernière actualisation